Geography Quiz

Random Geography or City Quiz
Score 0/25 Timer 10:00
0 Plays Today
% Correct
Burlington
92.9%
South Burlington
92.9%
Montpelier
83.3%
Rutland
69%
Bennington
64.3%
Barre
61.9%
Essex Junction
52.4%
Newport
47.6%
Manchester
47.6%
Derby
45.2%
Swanton
42.9%
Waterbury
42.9%
Winooski
40.5%
% Correct
Bellows Falls
38.1%
Enosburg
38.1%
Lyndon
38.1%
Vergennes
35.7%
Woodstock
35.7%
Poultney
33.3%
Johnson
31%
Barton
28.6%
Ludlow
26.2%
St. Albans City
23.8%
Morristown
23.8%
Jeffersonville
21.4%
Remove Ads.
Support Sporcle.
Get the best of Sporcle when you Go Orange. This ad-free experience offers more features, more stats, and more fun while also helping to support Sporcle. Thank you for becoming a member.

You're not logged in!

Compare scores with friends on all Sporcle quizzes.
OR
Log In

Show Comments

Extras

Top Quizzes Today


Score Distribution

Your Account Isn't Verified!

In order to create a playlist on Sporcle, you need to verify the email address you used during registration. Go to your Sporcle Settings to finish the process.

Report this User

Report this user for behavior that violates our Community Guidelines.

Details: